000 00438nam a2200169Ia 4500
003 GCL
008 140319s9999 xx 000 0 ara d
040 _aGCL /
_cGCL
082 0 4 _a813.03
_bج ش
100 1 _aجمال الغيطانى
245 1 0 _aشطح المدينة /
_cجمال الغيطانى
300 _a210 ص
490 _a
650 0 4 _aالادب العربى
650 0 4 _aالقصص العربية
942 _2ddc
_cBK
999 _c44866
_d44866